LEADER 02506nas a2200469 u 4500 001 000000005948 003 CaOOAMICUS 005 20131205111847.0 008 941008c19099999it qr p u0 u ita u 022 $a0035-6247 035 $a10152014 040 $aMnMULS$bita$cMnMULS$dNIC$dCtY$dMBTI$dm.c.$dDLC$dAIP$dNST 042 $alc 082 $a149 210 0 $aRiv. filos. neo-scolast. 222 0$aRivista di filosofia neo-scolastica 245 10$aRivista di filosofia neo-scolastica. 246 33$aRivista di filosofia neoscolastica 260 $a[Milano] :$bUniversità cattolica del Sacro Cuore 300 $av. ;$c25 cm 310 $aQuarterly$b<1979- > 321 $aBimonthly$b<1931- > 362 0 $aanno 1- genn. 1909- 500 $aEditor: 1909- A. Gemelli. 510 2 $aMLA international bibliography of books and articles on the modern languages and literatures (Complete edition)$x0024-8215 510 2 $aPhilosopher's index$x0031-7993 525 $aSupplements accompany some volumes. 550 $aAnno 1-3, 1909-11, "pubblicata per cura di un gruppo di studiosi"; anno 4-<12> 1912-<20> by the Società italiana per gli studi filosofici e psicologici; anno <26, 1934-> by Facoltà di filosofia dell'Università cattolica del Sacro Cuore. 650 0$aPhilosophy$xPeriodicals.$2//eng$0(OLS)http://pul/subject/4364 700 1 $aGemelli, Agostino,$cO.F.M.,$d1878-1959.$0(OLS)http://pul/name/4046 710 2 $aUniversità cattolica del Sacro Cuore. Sede di Milano.$bFacoltà di lettere e filosofia.$0(OLS)http://pul/name/4703 710 2 $aSocietà italiana per gli studi filosofici e psicologici.$0(OLS)http://pul/name/6100 850 $aPUL 852 $aPUL$W1$xDP1 Riviste Correnti$y15$m2-91/DP330.A$j8441$nSE-PRI$qPeriodici$q$bv.1 (1909)-v.12 (1920), v.14 (1922)-v.15 (1923), v.17 (1925)-v.26; (1934), v.29 (1937), v.39 (1947)-$B8441$CPULBib$Z2$F8441 $Hnull $81 941 1 $a5 996 $6022$a0035-6247$9(OLS)http://pul/number/7715 996 $6082$a149$9(OLS)http://pul/classification/147 996 $6210$aRiv. filos. neo-scolast.$9(OLS)http://pul/title/8745 996 $6222$aRivista di filosofia neo-scolastica$9(OLS)http://pul/title/8746 996 $6245$aRivista di filosofia neo-scolastica$9(OLS)http://pul/title/8746 996 $6246$aRivista di filosofia neoscolastica$9(OLS)http://pul/title/173084 996 $6260$a[Milano] :$bUniversità cattolica del Sacro Cuore$9(OLS)http://pul/publisher/51072 LEADER 01680nam a2200373 u 4500 001 000000003430 003 CaOOAMICUS 005 20180207121532.0 008 940531s1924 enkd u000 u eng u 032 $aLibriCat 035 $a10089607 040 $aPUL(R)$bita 041 1 $aeng$agrc 100 0 $aAristoteles,$d384-322 a.C.$0(OLS)http://pul/name/792 240 10$aMetaphysica$9(Aristoteles, 384-322 a.C.).$lInglese.$0(OLS)http://pul/title/5021 245 10$aAristotelous Ta meta ta Psysika = :$bAristotle's Metaphysics /$ca revised text with introduction and commentary by W. D. Ross .. 246 30$aAristotle's Metaphysics 260 $aOxford :$bThe Clarendon press,$c1924. 300 $a2 v. :$bdiagrs. ;$c23 cm 500 $aTitle in Greck at head of t.-p. 500 $aBooks referred to": v. 1, p. [ix]-xii. 700 1 $aRoss, W. D.$q(William David),$d1877-1971.$0(OLS)http://pul/name/149 740 3 $aTa meta ta Psysika. 850 $aPUL 852 $aPUL$W1$xDP2 Filosofia 1$y62$m82 E 33$j4543$nBK-PRI$b $qStampati$B4543$CPULBib$Z2$F4543 $81 900 $aAristotle,$d 384-322 a.C.$9792 900 $aAristotele,$d384-322 a.C.$9792 941 1 $a8 961 $aTimbri: Bibliotheca P. Athenaeum Seminarii Rom. Precedente collocazione abrasa su targhetta rettangolare bordata di azzurro. 996 $6245$aAristotelous Ta meta ta Psysika = :$bAristotle's Metaphysics$9(OLS)http://pul/title/5022 996 $6246$aAristotle's Metaphysics$9(OLS)http://pul/title/5023 996 $6740$aTa meta ta Psysika$9(OLS)http://pul/title/5024 996 $6260$aOxford :$bThe Clarendon press$9(OLS)http://pul/publisher/49891